| 000 | 00489nam a2200193 a 4500 | ||
|---|---|---|---|
| 001 | 1758175449852 | ||
| 003 | YourLibrary | ||
| 005 | 20250919115708.0 | ||
| 008 | 250918s2003##################000#0#eng## | ||
| 020 | _a9781861973030 | ||
| 082 | 0 | 4 |
_a153 _bRAM |
| 100 | 1 |
_aRamachandran, V. S., _eauthor. |
|
| 245 | 1 | 0 | _aThe Emerging Mind : |
| 260 |
_bGardners Books, _c2003. |
||
| 300 | _a208 pages | ||
| 650 | 0 | _aPsychology. | |
| 942 | _cENGLISH | ||
| 040 |
_aYourLibrary _beng _cYourLibrary |
||
| 999 |
_c588014 _d588014 |
||